<?xml version="1.0" encoding="UTF-8"?>
<marc:record xmlns:marc="http://www.loc.gov/MARC21/slim">
   <marc:leader>00000nam a2200000 a 4500</marc:leader>
   <marc:datafield ind1="1" ind2=" " tag="100">
      <marc:subfield code="a">Wilken, Constanze</marc:subfield>
      <marc:subfield code="4">aut</marc:subfield>
      <marc:subfield code="e">Verfasser/-in</marc:subfield>
   </marc:datafield>
   <marc:datafield ind1="0" ind2="0" tag="245">
      <marc:subfield code="a">Die Liebenden von Islay</marc:subfield>
   </marc:datafield>
   <marc:datafield ind1="0" ind2="0" tag="245">
      <marc:subfield code="b">Roman</marc:subfield>
   </marc:datafield>
   <marc:datafield ind1="0" ind2="0" tag="245">
      <marc:subfield code="c">Constanze Wilken</marc:subfield>
   </marc:datafield>
   <marc:datafield ind1=" " ind2="1" tag="264">
      <marc:subfield code="a">Augsburg</marc:subfield>
      <marc:subfield code="b">Weltbild Bücherdienst</marc:subfield>
      <marc:subfield code="c">2023</marc:subfield>
   </marc:datafield>
   <marc:datafield ind1="1" ind2=" " tag="520">
      <marc:subfield code="a">Ein Schicksalsschlag verändert das Leben von Shona MacLean über Nacht: Ihre Schwester, die auf der Insel Islay ein B&amp;B führt und sich als alleinerziehende Mutter durchschlägt, hatte einen schweren Fahrradunfall. Sofort reist Shona nach Islay, um sich um die Pension und ihre Nichte Erin zu kümmern. Diese zeigt Shona eine Brosche, die sie beim Spazierengehen gefunden hat. Offensichtlich stammt das Schmuckstück aus der Wikingerzeit. Gemeinsam beginnen Shona und Erin, die Geschichte der alten Brosche zu erforschen &#x96; unterstützt von Gavin Ramsay, dem Inhaber einer kleinen Destillerie. Schon bald kommen sich Shona und Gavin näher. Doch mit ihren Nachforschungen machen sie sich schnell Feinde. Denn offenbar sind sie gefährlichen Geheimnissen auf der Spur</marc:subfield>
   </marc:datafield>
   <marc:datafield ind1=" " ind2=" " tag="020">
      <marc:subfield code="a">9783985076802</marc:subfield>
      <marc:subfield code="9">9783985076802</marc:subfield>
   </marc:datafield>
   <marc:datafield ind1=" " ind2=" " tag="020">
      <marc:subfield code="a">3985076804</marc:subfield>
      <marc:subfield code="9">3985076804</marc:subfield>
   </marc:datafield>
   <marc:datafield ind1=" " ind2=" " tag="300">
      <marc:subfield code="a">367 S.</marc:subfield>
   </marc:datafield>
</marc:record>
